Dominion Card Groups Trivia - Statistics

General Stats
  • This quiz has been taken 146 times
    138 since last reset
  • The average score is 51 of 60
Answer Stats
Question Tile Select % Correct
Plunder cards Village No
98%
Plunder cards Sacrifice No
97%
Plunder cards Magpie No
96%
Reaction cards Quarry No
96%
Reaction cards Vampire No
96%
3-cost cards Forge No
95%
Reaction cards Guard Dog Yes
95%
Reaction cards Moat Yes
95%
Reaction cards Tools No
95%
3-cost cards Destrier No
94%
Reaction cards Fool No
94%
removed cards (cards that were removed in any 2nd Edition) Golem No
94%
3-cost cards Militia No
94%
Plunder cards Paddock No
94%
Reaction cards Shaman No
94%
terminal cards (cards that do not give +1 Action) Smithy Yes
94%
Reaction cards Sprawling Castle No
94%
terminal cards (cards that do not give +1 Action) Inn No
93%
removed cards (cards that were removed in any 2nd Edition) Tiara No
93%
terminal cards (cards that do not give +1 Action) Ruined Village No
92%
Plunder cards Buried Treasure Yes
91%
removed cards (cards that were removed in any 2nd Edition) Goons Yes
91%
removed cards (cards that were removed in any 2nd Edition) Nobles No
91%
Plunder cards Idol No
90%
Reaction cards Lookout No
90%
terminal cards (cards that do not give +1 Action) Herald No
89%
removed cards (cards that were removed in any 2nd Edition) Chancellor Yes
88%
removed cards (cards that were removed in any 2nd Edition) Coppersmith Yes
88%
3-cost cards Familiar No
87%
removed cards (cards that were removed in any 2nd Edition) Feast Yes
87%
terminal cards (cards that do not give +1 Action) Possession Yes
86%
Reaction cards Clerk Yes
85%
3-cost cards Forager Yes
85%
3-cost cards Horse Yes
85%
terminal cards (cards that do not give +1 Action) Miller No
85%
removed cards (cards that were removed in any 2nd Edition) Pearl Diver Yes
85%
Reaction cards Weaver Yes
85%
removed cards (cards that were removed in any 2nd Edition) Merchant Ship No
83%
Plunder cards Frigate Yes
82%
Plunder cards Grotto Yes
82%
removed cards (cards that were removed in any 2nd Edition) Bureaucrat No
81%
3-cost cards Fortune Hunter No
79%
3-cost cards Town Crier No
79%
terminal cards (cards that do not give +1 Action) Dame Josephine Yes
78%
Plunder cards Flagship Yes
77%
3-cost cards Scrap Yes
77%
Reaction cards Stowaway Yes
77%
3-cost cards Masterpiece Yes
76%
3-cost cards Guide Yes
75%
terminal cards (cards that do not give +1 Action) Rebuild No
74%
terminal cards (cards that do not give +1 Action) Bag of Gold No
71%
terminal cards (cards that do not give +1 Action) Highwayman Yes
70%
terminal cards (cards that do not give +1 Action) Sentinel Yes
70%
terminal cards (cards that do not give +1 Action) Tent Yes
70%
3-cost cards Ghost Town Yes
69%
removed cards (cards that were removed in any 2nd Edition) Cache Yes
68%
Plunder cards Mapmaker Yes
68%
removed cards (cards that were removed in any 2nd Edition) Oracle Yes
66%
Plunder cards Enlarge Yes
65%
Plunder cards Sunken Treasure No
58%
No matching quizzes found
Score Distribution
Percent of People with Each Score
Percentile by Number Answered
Your Score History
You have not taken this quiz since the last reset